000 01722cam a2200433 a 4500
001 13461122
003 OSt
005 20140310184503.0
008 040116s2003 nyua j 000 1beng d
010 _a 2004266568
020 _a9780439513623
035 _a(OCoLC)ocm52113037
040 _aUWB
_cUWB
_dDLC
042 _alccopycat
043 _an-us-la
050 0 0 _aF 379.N59
_b.B851 2003
100 1 _aBridges, Ruby
_928746
245 1 0 _aLet's read about-- Ruby Bridges /
_cby Ruby Bridges and Grace Maccarone ; illustrated by Cornelius Van Wright and Ying-Hwa Hu.
246 3 _aRuby Bridges
260 _aNew York :
_bScholastic,
_c2003.
300 _a1 v. (unpaged) :
_bcol. ill. ;
_c23 cm.
440 0 _aScholastic first biographies
_928747
500 _a"Cartwheel books"--Cover.
520 _aRuby Bridges was born during the time of segregation in the South. In 1960, she made history when she attended an all-white school. Follow her story and learn why we still celebrate her courage today.
521 _aG2
526 _c420
562 _e1
600 1 0 _aBridges, Ruby
_vJuvenile literature.
_928748
650 0 _aSchool integration
_zLouisiana
_zNew Orleans
_vJuvenile literature.
_928749
650 0 _aAfrican Americans
_zLouisiana
_zNew Orleans
_vBiography
_vJuvenile literature.
_928750
651 0 _aNew Orleans (La.)
_xRace relations
_vJuvenile literature.
_928751
700 1 _aMaccarone, Grace.
_95551
700 1 _aVan Wright, Cornelius.
_924944
700 1 _aHu, Ying-Hwa.
_93768
906 _a7
_bcbc
_ccopycat
_d2
_encip
_f20
_gy-gencatlg
942 _2lcc
_cBK-SCHOLAS
999 _c34769
_d34769